000 00837nam a2200253 a 4500
001 25719
003 CO-ViMGA
008 141112s2004 ck r 000 u spa d
020 _a9789586441520
040 _aCO-ViMGA
_bspa
_cCO-ViMGA
041 _aSPA
082 0 4 _a303.69 P17
245 1 0 _aLecciones para la paz negociada :
_bretrospectiva histórica en Colombia /
_ceditor Fernando Sarmiento Santander
250 _a1a ed.
260 _aBogotá :
_bCINEP,
_c2013
300 _a350 p.
500 _aIncluye fuentes bibliográficas
650 1 4 _aCONFLICTO ARMADO - COLOMBIA
_92049
650 1 4 _aPROCESO DE PAZ - HISTORIA - COLOMBIA
_939658
650 1 4 _aSOLUCION DE CONFLICTOS - COLOMBIA
_939659
700 1 _aSarmiento Santander, Fernando, ed.
_939660
700 1 _aSarmiento Santander, Fernando, ed.
_939660
942 _2ddc
_cBK
999 _c5286
_d5286